The Districts of Cyprus in Turkish - Statistics

General Stats
  • This quiz has been taken 7 times
  • The average score is 5 of 6
Answer Stats
English Türkçe % Correct
Larnaca Larnaka
100%
Limassol Limasol
100%
Kyrenia Girne
80%
Paphos Baf
60%
Famagusta Gazimağusa
60%
Nicosia Lefkoşa
60%
No matching quizzes found
Score Distribution
Percent of People with Each Score
Percentile by Number Answered
Your Score History
You have not taken this quiz